Ładuje się......
| LEADER | 00822nam a2200193Ia 4500 | ||
|---|---|---|---|
| 008 | 140316s9999 xx 000 0 und d | ||
| 082 | |a 636.5 |b IR/DOE | ||
| 100 | |a Jalaludheen,A | ||
| 245 | |a Erachikkozhivalarthal oravalokanam | ||
| 260 | |a Thrissur |b KAU |c 1997 | ||
| 300 | |a 23p. | ||
| 650 | |a IR | ||
| 650 | |a Poultry | ||
| 700 | |a Ramakrishnan,A | ||
| 942 | |2 ddc |c REF | ||
| 999 | |c 23777 |d 23777 | ||
| 952 | |0 0 |1 0 |2 ddc |4 0 |6 636_500000000000000_IRDOE |7 0 |9 31694 |a KAUCLV |b KAUCLV |c IR |d 2014-03-18 |o 636.5 IR/DOE |p 805802 |r 2014-03-18 |w 2014-03-18 |y REF | ||
| 952 | |0 0 |1 0 |2 ddc |4 0 |6 636_500000000000000_IRDOE |7 0 |9 31695 |a KAUCLV |b KAUCLV |c IR |d 2014-03-18 |o 636.5 IR/DOE |p 806437 |r 2014-03-18 |w 2014-03-18 |y REF | ||
| 952 | |0 0 |1 0 |2 ddc |4 0 |6 636_500000000000000_IRDOE |7 0 |9 31696 |a KAUCLV |b KAUCLV |c IR |d 2014-03-18 |o 636.5 IR/DOE |p 806438 |r 2014-03-18 |w 2014-03-18 |y REF | ||